[Event "FIDE World Youth U16 Chess Olympiad SLOVAKIA 2016"]
[Site "Poprad Tatry SLOVAKIA"]
[Date "2016.07.27"]
[Round "7"]
[Board "4"]
[White "Suleymenov, Alisher"]
[Black "Morgunov, Daniel"]
[Result "1-0"]
[WhiteElo "2259"]
[BlackElo "2143"]
[PlyCount "109"]
[EventDate "2016.07.22"]
[EventType "team"]
[EventRounds "9"]
[EventCountry "SVK"]
[WhiteTeam "Kazakhstan"]
[BlackTeam "Austria"]

1. d4 Nf6 2. c4 g6 3. Nc3 Bg7 4. e4 d6 5. Be2 O-O 6. Bg5 c5 7. d5 Qa5 8. Bd2 a6
9. a4 e6 10. Nf3 exd5 11. exd5 Bg4 12. O-O Qc7 13. h3 Bxf3 14. Bxf3 Re8 15. Qc2
Nbd7 16. Rae1 b6 17. b3 Rab8 18. Rxe8+ Rxe8 19. Qd1 Qd8 20. Re1 h6 21. Rxe8+
Qxe8 22. Qe1 Qxe1+ 23. Bxe1 Kf8 24. Bd2 Ke7 25. Be2 Ne8 26. g3 f5 27. Kg2 Nef6
28. f4 h5 29. Kf3 Nb8 30. Bd3 a5 31. Nd1 Na6 32. Ne3 Nb4 33. Bb1 Kf7 34. g4
hxg4+ 35. hxg4 Nxg4 36. Nxg4 fxg4+ 37. Kxg4 Bf6 38. f5 gxf5+ 39. Kxf5 Na6 40.
Bf4 Be7 41. Bc2 Nc7 42. Bd1 Kg7 43. Bh5 Kh7 44. Bd2 Kg7 45. Bg6 Bh4 46. Bc3+
Kf8 47. Bf6 Bg3 48. Bd8 Na8 49. Ke6 Be5 50. Kd7 Kg7 51. Bc2 Kf7 52. Kc8 Ke8 53.
Bg6+ Kf8 54. Kb8 Kg7 55. Bh5 1-0

[Event "FIDE World Youth U16 Chess Olympiad SLOVAKIA 2016"]
[Site "Poprad Tatry SLOVAKIA"]
[Date "2016.07.27"]
[Round "7"]
[Board "1"]
[White "Raghunandan, Kaumandur Srihari"]
[Black "Antova, Gabriela"]
[Result "1/2-1/2"]
[WhiteElo "2403"]
[BlackElo "2292"]
[PlyCount "140"]
[EventDate "2016.07.22"]
[EventType "team"]
[EventRounds "9"]
[EventCountry "SVK"]
[WhiteTeam "India"]
[BlackTeam "Bulgaria"]

1. d4 Nf6 2. c4 c5 3. d5 e6 4. Nf3 exd5 5. cxd5 d6 6. Nc3 g6 7. Bf4 a6 8. a4
Bg7 9. h3 O-O 10. e3 Re8 11. Nd2 Qc7 12. Nc4 Bf8 13. Be2 Nbd7 14. O-O Nb6 15.
Na3 Nbd7 16. Re1 Ne5 17. Bh2 Bg7 18. f4 Ned7 19. Bf3 Rb8 20. e4 c4 21. Kh1 Nc5
22. e5 Nd3 23. Re2 dxe5 24. fxe5 Nxe5 25. Nxc4 Qxc4 26. Bxe5 Rxe5 27. Rxe5 Qf4
28. Re1 Bf5 29. Qe2 Re8 30. Qf2 h5 31. Rxe8+ Nxe8 32. Re1 Nd6 33. g3 Qb4 34.
Bg2 Nc4 35. Qf4 Qxb2 36. Qxc4 Bxc3 37. Re2 Qa1+ 38. Kh2 Bd4 39. Bf1 Be5 40. Bg2
Bd4 41. Re8+ Kg7 42. Bf1 Qb2+ 43. Re2 Qb6 44. a5 Qf6 45. Rd2 Bc3 46. Ra2 Bb1
47. Rg2 Bxa5 48. Qe2 Bc7 49. Qb2 Be4 50. Qxf6+ Kxf6 51. Rf2+ Bf5 52. Bd3 h4 53.
Kg2 Bxg3 54. Rf1 Ke5 55. Bxf5 gxf5 56. Rb1 b5 57. Ra1 Kxd5 58. Rxa6 b4 59. Rf6
f4 60. Rxf7 Kd4 61. Kf3 Kd3 62. Rb7 Kc3 63. Rc7+ Kd3 64. Rb7 Kc3 65. Rc7+ Kb2
66. Rb7 b3 67. Ke4 Kc2 68. Rc7+ Kd2 69. Rb7 Kc2 70. Rc7+ Kd2 1/2-1/2

[Event "FIDE World Youth U16 Chess Olympiad SLOVAKIA 2016"]
[Site "Poprad Tatry SLOVAKIA"]
[Date "2016.07.27"]
[Round "7"]
[Board "2"]
[White "Petkov, Matey"]
[Black "Vaishali, R"]
[Result "0-1"]
[WhiteElo "2117"]
[BlackElo "2288"]
[PlyCount "56"]
[EventDate "2016.07.22"]
[EventType "team"]
[EventRounds "9"]
[EventCountry "SVK"]
[WhiteTeam "Bulgaria"]
[BlackTeam "India"]

1. d4 Nf6 2. Bg5 d5 3. Bxf6 exf6 4. e3 Bd6 5. g3 O-O 6. Bg2 Re8 7. Ne2 Bf5 8.
O-O c6 9. Nd2 Nd7 10. a3 Nb6 11. b3 Qd7 12. c4 Bc7 13. Re1 Bh3 14. Bh1 dxc4 15.
bxc4 Rad8 16. c5 Nd5 17. Qb3 Ba5 18. Red1 Bg4 19. Nf3 Qf5 20. Nh4 Qg5 21. Bxd5
Rxd5 22. f3 Rxe3 23. Qxb7 Rxe2 24. f4 Qh5 25. Qxc6 Re6 26. Qa8+ Rd8 27. Qxa7
Bxd1 28. Qxa5 Rde8 0-1

[Event "FIDE World Youth U16 Chess Olympiad SLOVAKIA 2016"]
[Site "Poprad Tatry SLOVAKIA"]
[Date "2016.07.27"]
[Round "7"]
[Board "3"]
[White "Nitish, Belurkar"]
[Black "Yordanov, Lachezar"]
[Result "1-0"]
[WhiteElo "2275"]
[BlackElo "2139"]
[PlyCount "143"]
[EventDate "2016.07.22"]
[EventType "team"]
[EventRounds "9"]
[EventCountry "SVK"]
[WhiteTeam "India"]
[BlackTeam "Bulgaria"]

1. e4 d6 2. d4 Nf6 3. Nc3 g6 4. Be3 c6 5. Qd2 b5 6. Bd3 Nbd7 7. Nf3 Bg7 8. h3
Nb6 9. Bh6 Kf8 10. Rd1 a6 11. O-O Ng8 12. Bxg7+ Kxg7 13. e5 Nh6 14. Ne2 d5 15.
Ng3 f6 16. Rfe1 a5 17. Re2 Rf8 18. Rde1 Ng8 19. c3 f5 20. e6 f4 21. Nf1 Qd6 22.
N1h2 b4 23. Ng4 Ba6 24. Ng5 Bxd3 25. Qxd3 Rf5 26. Re5 Raf8 27. Nf7 R8xf7 28.
exf7 Rxf7 29. Re6 Qc7 30. Ne5 Rf6 31. Rxf6 exf6 32. Nf3 Ne7 33. cxb4 axb4 34.
Qd2 Qd6 35. b3 Kf7 36. Rc1 Nd7 37. Qd3 c5 38. Qb5 cxd4 39. Nxd4 h5 40. Qb7 h4
41. Rc7 Ne5 42. Nb5 Qe6 43. Nd4 Qd6 44. Rc2 f5 45. Qc7 Qxc7 46. Rxc7 Ke8 47.
Kf1 g5 48. Ne6 f3 49. Nxg5 fxg2+ 50. Kxg2 d4 51. Rc1 d3 52. f4 Nd5 53. fxe5 d2
54. Rg1 d1=Q 55. Rxd1 Ne3+ 56. Kf3 Nxd1 57. Kf4 Nc3 58. Kxf5 Ke7 59. Nf3 Nxa2
60. Nxh4 Nc1 61. Ng6+ Ke8 62. h4 Nxb3 63. h5 Nd4+ 64. Kf6 b3 65. h6 b2 66. h7
b1=Q 67. h8=Q+ Kd7 68. Qh3+ Kc6 69. Qc8+ Kd5 70. Ne7+ Ke4 71. Qg4+ Ke3 72. Nd5+
 1-0

[Event "FIDE World Youth U16 Chess Olympiad SLOVAKIA 2016"]
[Site "Poprad Tatry SLOVAKIA"]
[Date "2016.07.27"]
[Round "7"]
[Board "4"]
[White "Popvasilev, Kaloyan"]
[Black "Mitrabha, Guha"]
[Result "0-1"]
[WhiteElo "1890"]
[BlackElo "2227"]
[PlyCount "90"]
[EventDate "2016.07.22"]
[EventType "team"]
[EventRounds "9"]
[EventCountry "SVK"]
[WhiteTeam "Bulgaria"]
[BlackTeam "India"]

1. e4 c6 2. d4 d5 3. f3 dxe4 4. fxe4 e5 5. Nf3 Be6 6. c3 Nd7 7. Bd3 Bd6 8. O-O
Ngf6 9. Qe2 Qc7 10. Be3 O-O 11. Kh1 h6 12. Nbd2 Rfe8 13. Bg1 b5 14. Rac1 Rab8
15. b3 a6 16. Nh4 Bg4 17. Qf2 Nf8 18. Nf5 Bxf5 19. Qxf5 Ng6 20. g3 Qe7 21. Be3
Nd7 22. Rf2 Rbc8 23. Rcf1 Rf8 24. Be2 Rcd8 25. Bh5 Kh7 26. Qg4 Nh8 27. Qh3 Bc7
28. Bg4 Ng6 29. Rf5 exd4 30. cxd4 c5 31. Bxh6 gxh6 32. Rh5 Kg7 33. Bf5 cxd4 34.
Rxh6 Rh8 35. Rxh8 Rxh8 36. Qg2 Nde5 37. Qf2 d3 38. Qd4 Qd6 39. Qc3 Bd8 40. Kg2
Bf6 41. Bxg6 fxg6 42. Rc1 Rxh2+ 43. Kf1 Nc4 44. Nxc4 Qxg3 45. Qe1 Qg2# 0-1

[Event "FIDE World Youth U16 Chess Olympiad SLOVAKIA 2016"]
[Site "Poprad Tatry SLOVAKIA"]
[Date "2016.07.27"]
[Round "7"]
[Board "1"]
[White "Tsolakidou, Stavroula"]
[Black "Costachi, Mihnea"]
[Result "1/2-1/2"]
[WhiteElo "2364"]
[BlackElo "2420"]
[PlyCount "93"]
[EventDate "2016.07.22"]
[EventType "team"]
[EventRounds "9"]
[EventCountry "SVK"]
[WhiteTeam "Greece"]
[BlackTeam "Romania"]

1. d4 Nf6 2. Nf3 g6 3. Bg5 Bg7 4. Nbd2 c5 5. Bxf6 Bxf6 6. Ne4 Bxd4 7. Nxd4 cxd4
8. Qxd4 O-O 9. c4 Nc6 10. Qd2 Qa5 11. Nc3 d6 12. e4 Bg4 13. Nd5 Qxd2+ 14. Kxd2
Bd7 15. Be2 Kg7 16. Rac1 Rac8 17. f3 f5 18. exf5 Bxf5 19. Rhe1 e5 20. b3 Be6
21. Nc3 Nd4 22. Bd3 h6 23. Be4 b6 24. Ke3 g5 25. Ne2 Nxe2 26. Kxe2 Kf6 27. Rcd1
Ke7 28. Bd5 Rc5 29. Bxe6 Kxe6 30. Rd2 a6 31. Red1 Rd8 32. Rd5 Ke7 33. Rxc5 bxc5
34. h4 gxh4 35. Rh1 Rg8 36. Kf2 Rg6 37. Rxh4 Ke6 38. Rh5 Rf6 39. Ke3 Rg6 40. g4
Rf6 41. Rh2 a5 42. Rh5 Kd7 43. Ke4 Rf4+ 44. Ke3 Rf6 45. Rh2 Ke6 46. Ke4 Rf4+
47. Ke3 1/2-1/2

[Event "FIDE World Youth U16 Chess Olympiad SLOVAKIA 2016"]
[Site "Poprad Tatry SLOVAKIA"]
[Date "2016.07.27"]
[Round "7"]
[Board "2"]
[White "Gavrilescu, David"]
[Black "Giannoulakis, Lampros"]
[Result "1-0"]
[WhiteElo "2274"]
[BlackElo "2214"]
[PlyCount "125"]
[EventDate "2016.07.22"]
[EventType "team"]
[EventRounds "9"]
[EventCountry "SVK"]
[WhiteTeam "Romania"]
[BlackTeam "Greece"]

1. d4 Nf6 2. Bg5 e6 3. Nd2 c5 4. e3 b6 5. c3 Bb7 6. Ngf3 Be7 7. Bd3 d5 8. O-O
Nbd7 9. Ne5 O-O 10. f4 Ne4 11. Bxe7 Qxe7 12. Qc2 Nxd2 13. Qxd2 Nxe5 14. fxe5 f6
15. exf6 Rxf6 16. Rxf6 Qxf6 17. Rf1 Qe7 18. Qf2 c4 19. Bb1 g6 20. Qg3 Qg7 21.
Qg5 Rf8 22. Rxf8+ Qxf8 23. h4 Bc6 24. h5 Be8 25. e4 Qf7 26. Bc2 Kg7 27. h6+ Kg8
28. Qe5 Bc6 29. Qd6 Be8 30. exd5 exd5 31. Bd1 Bd7 32. Bf3 Be6 33. Bxd5 Bxd5 34.
Qd8+ Qf8 35. Qxd5+ Kh8 36. Qe5+ Kg8 37. Qe6+ Kh8 38. Qe3 Kg8 39. d5 Qf7 40. d6
Qd7 41. Qe5 Kf7 42. Kh2 Qe6 43. Qg7+ Ke8 44. Qh8+ Kd7 45. Qxh7+ Kxd6 46. Qg7
Qf5 47. Qd4+ Ke7 48. Qh4+ g5 49. Qxc4 Qe5+ 50. g3 Qf5 51. Kg2 Qc2+ 52. Kf3 Qf5+
53. Ke3 Kf8 54. h7 Qe5+ 55. Qe4 Qxg3+ 56. Qf3+ Qxf3+ 57. Kxf3 Kg7 58. Kg4 Kxh7
59. Kxg5 Kg7 60. b4 b5 61. Kf5 Kf7 62. Ke5 a6 63. Kd5 1-0

[Event "FIDE World Youth U16 Chess Olympiad SLOVAKIA 2016"]
[Site "Poprad Tatry SLOVAKIA"]
[Date "2016.07.27"]
[Round "7"]
[Board "3"]
[White "Ioannidis, Evgenios"]
[Black "Banzea, Alexandru-Bogdan"]
[Result "1/2-1/2"]
[WhiteElo "2282"]
[BlackElo "2263"]
[PlyCount "73"]
[EventDate "2016.07.22"]
[EventType "team"]
[EventRounds "9"]
[EventCountry "SVK"]
[WhiteTeam "Greece"]
[BlackTeam "Romania"]

1. d4 Nf6 2. c4 g6 3. Nc3 Bg7 4. e4 d6 5. Nf3 O-O 6. Be2 e5 7. O-O Nc6 8. d5
Ne7 9. b4 a5 10. Ba3 axb4 11. Bxb4 b6 12. a4 Re8 13. Re1 Bf8 14. h3 c5 15. dxc6
Nxc6 16. Ba3 Ba6 17. Nb5 Bxb5 18. cxb5 Na5 19. Nd2 Bh6 20. Nc4 Nxe4 21. Nxd6
Nxd6 22. Bxd6 Ra7 23. Bg4 e4 24. Bb4 Qf6 25. Qd5 e3 26. fxe3 Bxe3+ 27. Kh1 Rd8
28. Qf3 Qxf3 29. Bxf3 Bg5 30. Rad1 Rxd1 31. Bxd1 Nc4 32. Bb3 Nd2 33. Bc3 Kf8
34. Bb4+ Kg8 35. Bc3 Kf8 36. Bb4+ Kg8 37. Bc3 1/2-1/2

[Event "FIDE World Youth U16 Chess Olympiad SLOVAKIA 2016"]
[Site "Poprad Tatry SLOVAKIA"]
[Date "2016.07.27"]
[Round "7"]
[Board "4"]
[White "Ileana, George"]
[Black "Drakoulakos, Grigorios"]
[Result "1-0"]
[WhiteElo "2117"]
[BlackElo "2270"]
[PlyCount "115"]
[EventDate "2016.07.22"]
[EventType "team"]
[EventRounds "9"]
[EventCountry "SVK"]
[WhiteTeam "Romania"]
[BlackTeam "Greece"]

1. e4 c5 2. c3 d5 3. exd5 Qxd5 4. d4 Nf6 5. Nf3 Bg4 6. Be2 e6 7. h3 Bh5 8. O-O
Nc6 9. Be3 cxd4 10. cxd4 Be7 11. Nc3 Qd6 12. a3 O-O 13. Rc1 Rad8 14. Qb3 Qb8
15. Rfd1 Nd5 16. Nxd5 exd5 17. g4 Bg6 18. Bb5 Na5 19. Qa4 Nc4 20. Bxc4 dxc4 21.
Ne5 b5 22. Qa6 Be4 23. a4 bxa4 24. Nxc4 Qa8 25. Ne5 Rd6 26. Qxa4 Bh1 27. Kf1
Bg2+ 28. Ke1 Bh4 29. Qc4 h6 30. Kd2 Qb7 31. b3 Re8 32. f4 Bd5 33. Qc7 Qb4+ 34.
Rc3 Bd8 35. Qc8 Rf8 36. Nd3 Qa3 37. Qc5 Qa2+ 38. Rc2 Qa6 39. b4 Bb3 40. Rdc1
Bxc2 41. Rxc2 Rb6 42. d5 Rb5 43. Qc6 Qa4 44. Bc5 a5 45. Bxf8 axb4 46. Bxb4 Rxb4
47. Qxa4 Rxa4 48. Rc8 Kf8 49. Rxd8+ Ke7 50. Rb8 Kd6 51. Rg8 Kxd5 52. Ke3 Ra3
53. h4 g6 54. Re8 Kc4 55. Rc8+ Kd5 56. h5 gxh5 57. Rc5+ Kd6 58. Rxh5 1-0

[Event "FIDE World Youth U16 Chess Olympiad SLOVAKIA 2016"]
[Site "Poprad Tatry SLOVAKIA"]
[Date "2016.07.27"]
[Round "7"]
[Board "1"]
[White "Riess, Alexander"]
[Black "Urban, Konstantin"]
[Result "1/2-1/2"]
[WhiteElo "2208"]
[BlackElo "2329"]
[PlyCount "88"]
[EventDate "2016.07.22"]
[EventType "team"]
[EventRounds "9"]
[EventCountry "SVK"]
[WhiteTeam "Germany 2"]
[BlackTeam "Germany 1"]

1. d4 Nf6 2. c4 c5 3. d5 b5 4. cxb5 a6 5. bxa6 g6 6. Nc3 Bxa6 7. Nf3 d6 8. e4
Bxf1 9. Kxf1 Nbd7 10. g3 Bg7 11. Kg2 O-O 12. a4 Ra6 13. Qc2 Qa8 14. Bg5 h6 15.
Bxf6 Bxf6 16. b3 Rb8 17. Rab1 Nb6 18. Nd2 Rc8 19. Qd3 c4 20. Nxc4 Nxc4 21. bxc4
Bxc3 22. Qxc3 Rxa4 23. Rhc1 Qa6 24. Rb4 Rxb4 25. Qxb4 Qa7 26. Qd2 h5 27. Qc3
Qa2 28. Qd3 Kh7 29. h3 Rb8 30. c5 dxc5 31. Qf3 Kg7 32. Qc3+ Kg8 33. Qxc5 Qb2
34. h4 Qe5 35. Re1 Ra8 36. Qe3 Ra2 37. Qg5 Qc3 38. Rc1 Qd4 39. Qf4 Re2 40. Qf3
Qxe4 41. Qxe4 Rxe4 42. Rd1 Ra4 43. d6 exd6 44. Rxd6 Ra3 1/2-1/2

[Event "FIDE World Youth U16 Chess Olympiad SLOVAKIA 2016"]
[Site "Poprad Tatry SLOVAKIA"]
[Date "2016.07.27"]
[Round "7"]
[Board "2"]
[White "Schroeder, Kevin"]
[Black "Engel, Luis"]
[Result "0-1"]
[WhiteElo "2350"]
[BlackElo "2276"]
[PlyCount "228"]
[EventDate "2016.07.22"]
[EventType "team"]
[EventRounds "9"]
[EventCountry "SVK"]
[WhiteTeam "Germany 1"]
[BlackTeam "Germany 2"]

1. d4 d5 2. c4 c6 3. Nf3 Nf6 4. Nbd2 a6 5. e3 b5 6. b3 Bg4 7. Bd3 e6 8. O-O Be7
9. Qc2 Nbd7 10. Bb2 Bh5 11. Ne5 Nxe5 12. dxe5 Nd7 13. cxd5 cxd5 14. Bd4 Bg6 15.
a4 Rc8 16. Qb1 Bb4 17. Nf3 Nc5 18. Bxg6 hxg6 19. axb5 axb5 20. Bxc5 Rxc5 21.
Qd3 Bc3 22. Rad1 Qc7 23. g3 b4 24. e4 O-O 25. exd5 Rxd5 26. Qe4 Rfd8 27. Rxd5
Rxd5 28. Kg2 Qd8 29. h4 Ra5 30. Qc6 Rd5 31. Qb7 Rd3 32. Kh3 Rd7 33. Qc6 Qe7 34.
Rh1 Rd8 35. Kg2 Qd7 36. Qe4 Qd5 37. Qf4 Bd2 38. Qg4 Qxb3 39. h5 gxh5 40. Rxh5
Qd1 41. Qh4 Bh6 42. Qxb4 Qd3 43. Qg4 Kf8 44. Qh4 Rb8 45. Qd4 Qxd4 46. Nxd4 Rb2
47. Kf3 Bd2 48. Rh8+ Ke7 49. Nc6+ Kd7 50. Nb8+ Kc7 51. Na6+ Kc6 52. Rc8+ Kd5
53. Rd8+ Kxe5 54. Nc5 Rc2 55. Ne4 Bc1 56. Rd7 f5 57. Nd6 g5 58. g4 fxg4+ 59.
Kxg4 Rxf2 60. Nc4+ Kf6 61. Nd6 Rf4+ 62. Kg3 Bb2 63. Ne8+ Kf5 64. Rf7+ Ke4 65.
Nd6+ Ke5 66. Rd7 Ba3 67. Nf7+ Kf6 68. Nh6 Re4 69. Ng4+ Kf5 70. Nh6+ Kg6 71. Nf7
Bb2 72. Nd8 Bf6 73. Nb7 Be5+ 74. Kf3 Rc4 75. Nd8 g4+ 76. Ke3 Kf5 77. Rf7+ Bf6
78. Nb7 Rc3+ 79. Kd2 Rc6 80. Na5 Rc5 81. Nb3 g3 82. Nxc5 g2 83. Nd7 g1=Q 84.
Rxf6+ Kg5 85. Rf3 Qg2+ 86. Ke3 Qb2 87. Nc5 Qc1+ 88. Kd4 Qg1+ 89. Re3 Qa1+ 90.
Kc4 Qc1+ 91. Rc3 Qf4+ 92. Kb5 Kf5 93. Nd3 Qf1 94. Kb4 e5 95. Nb2 Qb1 96. Rb3
Qe1+ 97. Kc5 Qa5+ 98. Kc4 Ke4 99. Rb4 Qd5+ 100. Kc3+ Kf3 101. Nc4 Qd4+ 102. Kc2
Ke2 103. Kb3 e4 104. Rb5 Qd3+ 105. Kb4 Qb1+ 106. Kc5 Qd3 107. Rb2+ Ke1 108. Ra2
e3 109. Ra3 Qf5+ 110. Kd4 e2 111. Ne5 Qf4+ 112. Kd5 Qd2+ 113. Nd3+ Kf1 114.
Ra1+ Qd1 0-1

[Event "FIDE World Youth U16 Chess Olympiad SLOVAKIA 2016"]
[Site "Poprad Tatry SLOVAKIA"]
[Date "2016.07.27"]
[Round "7"]
[Board "3"]
[White "Kopylov, Daniel"]
[Black "Buckels, Valentin"]
[Result "1/2-1/2"]
[WhiteElo "2034"]
[BlackElo "2332"]
[PlyCount "130"]
[EventDate "2016.07.22"]
[EventType "team"]
[EventRounds "9"]
[EventCountry "SVK"]
[WhiteTeam "Germany 2"]
[BlackTeam "Germany 1"]

1. e4 e5 2. Nf3 Nc6 3. d4 exd4 4. Nxd4 Nf6 5. Nxc6 bxc6 6. e5 Qe7 7. Qe2 Nd5 8.
c4 Ba6 9. Nd2 g6 10. Nf3 Bg7 11. Bg5 Qb4+ 12. Qd2 Qxd2+ 13. Bxd2 Nb6 14. b3 d6
15. Bc3 Nd7 16. O-O-O dxe5 17. Nxe5 Nxe5 18. f4 O-O 19. fxe5 Bc8 20. Be2 a5 21.
Bf3 Ra6 22. Kb2 Be6 23. Rd2 Bh6 24. Rd4 Rb8 25. Rhd1 Bg5 26. Bg4 c5 27. Re4 a4
28. Bxe6 Rxe6 29. Ba5 Rb7 30. Rd7 axb3 31. axb3 Ra7 32. Bxc7 f5 33. Re1 Rc6 34.
h4 Bxh4 35. Rh1 Rcxc7 36. Rxc7 Rxc7 37. Rxh4 Re7 38. b4 Rxe5 39. bxc5 Rxc5 40.
Kc3 Kg7 41. Rd4 Kf6 42. Rd7 h6 43. Rd6+ Kg5 44. Kd4 Rc8 45. c5 f4 46. Rd5+ Kg4
47. Rd6 Rg8 48. c6 g5 49. Rxh6 Kg3 50. c7 g4 51. Ke4 Re8+ 52. Kf5 f3 53. gxf3
gxf3 54. Rg6+ Kh2 55. Rh6+ Kg2 56. Rg6+ Kh2 57. Rh6+ Kg1 58. Rg6+ Kf1 59. Rc6
Rc8 60. Ke6 f2 61. Kd7 Rf8 62. c8=Q Rxc8 63. Rxc8 Kg1 64. Rf8 f1=Q 65. Rxf1+
Kxf1 1/2-1/2

[Event "FIDE World Youth U16 Chess Olympiad SLOVAKIA 2016"]
[Site "Poprad Tatry SLOVAKIA"]
[Date "2016.07.27"]
[Round "7"]
[Board "4"]
[White "Sieber, Fiona"]
[Black "Schulze, Lara"]
[Result "1-0"]
[WhiteElo "2177"]
[BlackElo "2103"]
[PlyCount "63"]
[EventDate "2016.07.22"]
[EventType "team"]
[EventRounds "9"]
[EventCountry "SVK"]
[WhiteTeam "Germany 1"]
[BlackTeam "Germany 2"]

1. e4 e6 2. d4 d5 3. Nc3 Bb4 4. e5 c5 5. a3 Bxc3+ 6. bxc3 Ne7 7. Qg4 Qc7 8.
Qxg7 Rg8 9. Qxh7 cxd4 10. Ne2 Nbc6 11. f4 dxc3 12. Qd3 d4 13. Ng3 Bd7 14. Ne4
O-O-O 15. Nd6+ Kb8 16. Rb1 b6 17. Nxf7 Rdf8 18. Nd6 Nf5 19. Nxf5 Rxf5 20. g3
Bc8 21. Bg2 Bb7 22. O-O Qd7 23. a4 Na5 24. Ba3 Bxg2 25. Bd6+ Ka8 26. Kxg2 Qc6+
27. Kg1 Qd5 28. Rxb6 Nc4 29. Rb5 Nb2 30. Qxf5 Qxb5 31. Qh7 Qe8 32. Qe4+ 1-0

[Event "FIDE World Youth U16 Chess Olympiad SLOVAKIA 2016"]
[Site "Poprad Tatry SLOVAKIA"]
[Date "2016.07.27"]
[Round "7"]
[Board "1"]
[White "Roshka, Yevgeniy"]
[Black "Lee, Qing Aun"]
[Result "1-0"]
[WhiteElo "2271"]
[BlackElo "2250"]
[PlyCount "143"]
[EventDate "2016.07.22"]
[EventType "team"]
[EventRounds "9"]
[EventCountry "SVK"]
[WhiteTeam "Ukraine"]
[BlackTeam "Singapore"]

1. e4 c5 2. d3 Nc6 3. Nf3 d6 4. Nbd2 g6 5. g3 Bg7 6. Bg2 e6 7. O-O Nge7 8. Re1
O-O 9. Nf1 b6 10. h4 h6 11. Bf4 e5 12. Be3 f5 13. Qd2 Kh7 14. exf5 gxf5 15. c3
d5 16. d4 e4 17. Ne5 Nxe5 18. dxe5 Nc6 19. Rad1 Be6 20. f4 Rf7 21. b4 Bf8 22.
bxc5 bxc5 23. Qc2 Rc8 24. Nd2 Rd7 25. Bf2 Kh8 26. g4 Be7 27. Nb3 Na5 28. Nxa5
Qxa5 29. c4 Rg8 30. gxf5 Bxf5 31. Kh2 Qd8 32. Rxd5 Rxd5 33. cxd5 Qxd5 34. Bxe4
Bxe4 35. Qxe4 Qd2 36. Re2 Qd1 37. f5 h5 38. f6 Bf8 39. Bg3 Rg4 40. Qf3 c4 41.
Rf2 Qd3 42. Qxd3 cxd3 43. e6 Bc5 44. Rd2 Re4 45. e7 Kg8 46. Rxd3 Kf7 47. Rd8
Bxe7 48. fxe7 Rxe7 49. Rd2 Rb7 50. Re2 Kf6 51. Kg2 Rb5 52. Kf3 Ra5 53. Bf4 Ra3+
54. Kf2 Kf5 55. Bg5 Kg4 56. Ke1 Kf3 57. Rd2 Ra4 58. Kd1 Rc4 59. Rc2 Rb4 60. Kc1
Ke4 61. Rc7 Ra4 62. Kb2 Kf5 63. Kb3 Ra6 64. Rc5+ Kg4 65. a4 Re6 66. Kb4 Rb6+
67. Rb5 Re6 68. Ka5 Rd6 69. Rb7 a6 70. Rb6 Rd4 71. Rxa6 Rd5+ 72. Kb6 1-0

[Event "FIDE World Youth U16 Chess Olympiad SLOVAKIA 2016"]
[Site "Poprad Tatry SLOVAKIA"]
[Date "2016.07.27"]
[Round "7"]
[Board "2"]
[White "Woong, Zhi Wei William"]
[Black "Yurovskich, Oleksandr"]
[Result "0-1"]
[WhiteElo "2008"]
[BlackElo "2167"]
[PlyCount "118"]
[EventDate "2016.07.22"]
[EventType "team"]
[EventRounds "9"]
[EventCountry "SVK"]
[WhiteTeam "Singapore"]
[BlackTeam "Ukraine"]

1. e4 g6 2. d4 Bg7 3. Nc3 d6 4. f4 a6 5. Nf3 b5 6. Bd3 Bb7 7. O-O e6 8. f5 e5
9. Ng5 Nh6 10. d5 Nd7 11. Qf3 Nf6 12. Qh3 Nhg8 13. Nf3 Ne7 14. Bh6 Kf8 15. g4
Neg8 16. Bd2 h6 17. fxg6 fxg6 18. Qg3 Ne7 19. g5 hxg5 20. Nxg5 Bc8 21. Ne6+
Bxe6 22. dxe6 c6 23. Bg5 Neg8 24. Bxf6 Bxf6 25. Qxg6 Ra7 26. Kh1 Rg7 27. Qf5
Ke7 28. Rg1 Rgh7 29. Rg2 Qc8 30. a4 b4 31. Nd1 Qxe6 32. Ne3 Qxf5 33. Nxf5+ Ke6
34. Bxa6 Bg5 35. Rd1 d5 36. Bc8+ Kf6 37. exd5 Nh6 38. Nxh6 Rxh6 39. Bg4 Bf4 40.
h3 Ke7 41. c3 bxc3 42. bxc3 cxd5 43. Rxd5 Rc6 44. Rc2 Rc4 45. a5 Ra8 46. Be2
Ra4 47. a6 Ra1+ 48. Kg2 Rg8+ 49. Kf3 Rg3+ 50. Ke4 Ra4+ 51. c4 Raa3 52. Bg4
Rge3+ 53. Kf5 Rxa6 54. Bf3 Rf6+ 55. Kg4 Rg6+ 56. Kh4 Rxf3 57. Ra2 Rh6+ 58. Kg4
Rg3+ 59. Kf5 Rf6+ 0-1

[Event "FIDE World Youth U16 Chess Olympiad SLOVAKIA 2016"]
[Site "Poprad Tatry SLOVAKIA"]
[Date "2016.07.27"]
[Round "7"]
[Board "3"]
[White "Levitskiy, Andrey"]
[Black "Lau, Ende Matthew"]
[Result "1/2-1/2"]
[WhiteElo "2074"]
[BlackElo "1880"]
[PlyCount "61"]
[EventDate "2016.07.22"]
[EventType "team"]
[EventRounds "9"]
[EventCountry "SVK"]
[WhiteTeam "Ukraine"]
[BlackTeam "Singapore"]

1. e4 c5 2. Nf3 g6 3. d4 cxd4 4. Nxd4 Nc6 5. c4 Nf6 6. Nc3 d6 7. Be2 Nxd4 8.
Qxd4 Bg7 9. Be3 O-O 10. Qd2 Ng4 11. Bxg4 Bxg4 12. Bd4 Bxd4 13. Qxd4 Be6 14. O-O
Qa5 15. b3 Rfc8 16. Kh1 Qc5 17. Qd3 Re8 18. f4 f5 19. Rae1 Rac8 20. Qf3 b6 21.
exf5 Bxf5 22. Nd5 Kf7 23. Qg3 e6 24. Ne3 h5 25. Nxf5 Qxf5 26. h3 Rc5 27. Qf3 h4
28. Rd1 d5 29. cxd5 Rxd5 30. Rc1 Re7 31. Rfe1 1/2-1/2

[Event "FIDE World Youth U16 Chess Olympiad SLOVAKIA 2016"]
[Site "Poprad Tatry SLOVAKIA"]
[Date "2016.07.27"]
[Round "7"]
[Board "4"]
[White "Lee, Jun Wei"]
[Black "Krasnokutskaya, Sofiya"]
[Result "1-0"]
[WhiteElo "1856"]
[BlackElo "2138"]
[PlyCount "135"]
[EventDate "2016.07.22"]
[EventType "team"]
[EventRounds "9"]
[EventCountry "SVK"]
[WhiteTeam "Singapore"]
[BlackTeam "Ukraine"]

1. d4 Nf6 2. Bg5 Ne4 3. Bf4 c5 4. d5 Qb6 5. Bc1 e6 6. f3 Nf6 7. e4 exd5 8. exd5
Bd6 9. c4 O-O 10. Bd3 Qc7 11. Nc3 a6 12. a4 Be5 13. Nge2 Re8 14. Kf2 d6 15. h3
Nbd7 16. Be3 Bxc3 17. Nxc3 Ne5 18. Be2 Bf5 19. Qd2 Bg6 20. Rhe1 Qa5 21. Kg1 Qb4
22. Nb1 Qb6 23. a5 Qc7 24. Nc3 b6 25. axb6 Qxb6 26. Na4 Qc7 27. Bg5 Ned7 28.
Bf1 Rab8 29. Rxe8+ Nxe8 30. Qc3 Ndf6 31. Bd2 Qb7 32. Re1 Kf8 33. Be2 Qd7 34.
Qa5 Bc2 35. Nc3 Qc8 36. Qa2 Bg6 37. Bd1 Qb7 38. Na4 Qc7 39. Qa3 Qb7 40. Qe3 h6
41. Bc3 Qc7 42. b3 Bb1 43. Qf2 Bf5 44. h4 Qd8 45. g4 Bg6 46. Qh2 Kg8 47. Bd2
Qd7 48. Kh1 Nc7 49. Bf4 Nce8 50. Nxc5 Qc8 51. Na4 Qd8 52. Nc3 Rc8 53. Ne2 a5
54. Nd4 a4 55. Nc6 Rxc6 56. dxc6 axb3 57. Bxb3 Qb6 58. Bd1 Qxc6 59. Qe2 Nc7 60.
Kh2 Ne6 61. Be3 d5 62. cxd5 Nxd5 63. Bb3 Qd6+ 64. Kh1 Ndf4 65. Bxf4 Nxf4 66.
Qe8+ Qf8 67. h5 Bd3 68. Bxf7+ 1-0

[Event "FIDE World Youth U16 Chess Olympiad SLOVAKIA 2016"]
[Site "Poprad Tatry SLOVAKIA"]
[Date "2016.07.27"]
[Round "7"]
[Board "1"]
[White "Gorcsi, Gabor"]
[Black "Bellissimo, Joseph F."]
[Result "1-0"]
[WhiteElo "2263"]
[BlackElo "2100"]
[PlyCount "75"]
[EventDate "2016.07.22"]
[EventType "team"]
[EventRounds "9"]
[EventCountry "SVK"]
[WhiteTeam "Hungary 2"]
[BlackTeam "Canada"]

1. Nf3 Nf6 2. c4 e6 3. g3 b6 4. Bg2 Bb7 5. O-O Be7 6. d4 d5 7. Nc3 O-O 8. cxd5
exd5 9. Qb3 Na6 10. Rd1 c5 11. dxc5 Bxc5 12. Bg5 Nc7 13. e4 Be7 14. exd5 Nfxd5
15. Bxe7 Qxe7 16. Nxd5 Nxd5 17. Rxd5 Bxd5 18. Qxd5 Rad8 19. Qb3 Rfe8 20. h4 Qc5
21. Bf1 Re6 22. Rd1 Rde8 23. Rd7 Rf6 24. Kg2 h6 25. Rxa7 Rd8 26. Qc3 Qf5 27.
Re7 Rd5 28. Be2 g5 29. hxg5 hxg5 30. Re5 Rxe5 31. Qxe5 Qxe5 32. Nxe5 Kg7 33.
Bc4 b5 34. Bb3 Rd6 35. Nxf7 Rd2 36. Nxg5 Rxb2 37. Ne4 Re2 38. Kf3 1-0